000
00478nam a2200181Ia 4500
008
090124s9999 xx 000 0 und d
082
_b
18589
_a
2107
100
_a
ढसाळ नामदेव
245
_a
गोलपिठा
250
_a
1
260
_c
1972
300
_a
88
600
_a
ढसाळ नामदेव
630
_a
गोलपिठा
700
_a
ढसाळ नामदेव
730
_a
गोलपिठा
942
_c
BOOK
999
_c
132530
_d
132530